Programa nacional de pesquisas arqueologicas : resultados preliminares do primeiro ano 1965-1966. /
Guardado en:
| Autor Corporativo: | |
|---|---|
| Formato: | Libro |
| Idioma: | Portuguese |
| Publicado: |
Belém-Pará :
Instituto de pesquisas da Amazonia,
1967.
|
| Etiquetas: |
Agregar Etiqueta
Sin Etiquetas, Sea el primero en etiquetar este registro!
|
| LEADER | 00645nam a22001455a 4500 | ||
|---|---|---|---|
| 001 | EUN.um023521 | ||
| 003 | AR-BaUNS | ||
| 005 | 20050623122902.0 | ||
| 008 | 041125s1967####bl#a##########000#0#por#d | ||
| 245 | 1 | 0 | |a Programa nacional de pesquisas arqueologicas : |b resultados preliminares do primeiro ano 1965-1966. / |c Conselho nacional de pesquisas. Instituto de pesquisas da Amazonia. |
| 260 | |a Belém-Pará : |b Instituto de pesquisas da Amazonia, |c 1967. | ||
| 300 | |a 158 p. : |b ilus. ; |c 26 cm. | ||
| 082 | 0 | 4 | |a 558.1 |
| 110 | 2 | |a Conselho nacional de pesquisas. Instituto de pesquisas da Amazonia |c Brasil. | |
| 859 | |a Ar-BaUNS |b BIB. CENTRAL - Sector C |h 558.1 |i B737 |p 47592/968 | ||
